Труды Дома татарской культуры. Т. 2: Материальная культура казанских татар (Запись № 13562663)

Подробности
000 -МАРКЕР
контрольное поле 00971nam2a2200229 4500
001 - ИДЕНТИФИКАТОР ЗАПИСИ
контрольное поле rc\2646867
005 - ИДЕНТИФИКАТОР ВЕРСИИ
контрольное поле 20260315042915.0
035 ## - ДРУГИЕ СИСТЕМНЫЕ НОМЕРА
Идентификатор записи (NLR Aleph) 006954545
100 ## - ДАННЫЕ ОБЩЕЙ ОБРАБОТКИ
Данные общей обработки 20110609d1930 u y0rusy50 ca
101 0# - ЯЗЫК РЕСУРСА
Язык текста, звукозаписи и т.д. русский
102 ## - СТРАНА ПУБЛИКАЦИИ ИЛИ ПРОИЗВОДСТВА
Страна публикации Российская Федерация
105 ## - ПОЛЕ КОДИРОВАННЫХ ДАННЫХ: ТЕКСТОВЫЕ МАТЕРИАЛЫ, МОНОГРАФИЧЕСКИЕ
Кодированные данные о монографическом текстовом документе ba z |||||
200 1# - ЗАГЛАВИЕ И СВЕДЕНИЯ ОБ ОТВЕТСТВЕННОСТИ
Основное заглавие Материальная культура казанских татар
Сведения, относящиеся к заглавию (Опыт этног. исследования)
210 ## - ПУБЛИКАЦИЯ, РАСПРОСТРАНЕНИЕ И ДР.
Дата издания, распространения и т.д. 1930
215 ## - ФИЗИЧЕСКАЯ ХАРАКТЕРИСТИКА
Специфическое обозначение материала и объем XIV, 464 с., 1 вкл. карт.
Другие сведения о физической характеристике карт., ил.
461 #0 - УРОВЕНЬ НАБОРА
Встроенное поле 001rc\2646865
-- 2001#$aТруды Дома татарской культуры$eТ. 1$vТ. 2
Системный номер (АБИС) связанной записи 5280314
Автор Дом татарской культуры (Казань)
Место публикации Казань
Дата публикации 1930
Имя издателя, распространителя и т.д. Дом тат. культуры и Акад. центр ТНКП
Сведения, относящиеся к заглавию Т. 1
Заглавие Труды Дома татарской культуры
Номер тома Т. 2
801 #0 - ИСТОЧНИК ЗАПИСИ
Страна Российская Федерация
Организация NLR
Правила каталогизации psbo
801 #1 - ИСТОЧНИК ЗАПИСИ
Страна Российская Федерация
Организация ELAR
Источник данных rusmarc
852 ## - МЕСТОНАХОЖДЕНИЕ И ШИФР ХРАНЕНИЯ
Идентификатор организации NLR
Шифр хранения (Call Number) 30-18/41
942 ## - ДОПОЛНИТЕЛЬНЫЕ ЭЛЕМЕНТЫ ЗАПИСИ (АБИС)
Тип экземпляра АБИС Неопределено
980 ## - КОЛЛЕКЦИЯ
Название коллекции Национальная библиография

Нет доступных экземпляров.